Vida y obras de Don Diego Hurtado de Mendoza / (Record no. 74233)

MARC details
000 -LEADER
campo de control de longitud fija 00783nam a2200217 i 4500
001 - NÚMERO DE CONTROL
campo de control 74233
003 - IDENTIFICADOR DE NÚMERO DE CONTROL
campo de control ES-MaACL
005 - FECHA Y HORA DE LA ÚLTIMA TRANSACCIÓN
campo de control 20250605122759.0
007 - CAMPO FIJO DE DESCRIPCIÓN FÍSICA--INFORMACIÓN GENERAL
campo de control de longitud fija t|
008 - DATOS DE LONGITUD FIJA--INFORMACIÓN GENERAL
campo de control de longitud fija 040916s1941 sp ||||1| spa d
100 1# - ENTRADA PRINCIPAL--NOMBRE DE PERSONA
Nombre de persona González Palencia, Ángel,
Fechas asociadas al nombre 1889-1949
9 (RLIN) 58854
245 10 - MENCIÓN DEL TÍTULO
Título Vida y obras de Don Diego Hurtado de Mendoza /
Mención de responsabilidad, etc. por Angel González Palencia y Eugenio Mele.
260 ## - PUBLICACIÓN, DISTRIBUCIÓN, ETC.
Lugar de publicación, distribución, etc. Madrid :
Nombre del editor, distribuidor, etc. [s.n.,
Fecha de publicación, distribución, etc. 1941] (
Fabricante Imp. de Estanislao Maestre)
300 ## - DESCRIPCIÓN FÍSICA
Extensión 3 v. ;
Dimensiones 24 cm.
500 ## - NOTA GENERAL
Nota general Precede al tít.: Instituto de Valencia de Don Juan.
600 17 - PUNTO DE ACCESO ADICIONAL DE MATERIA--NOMBRE DE PERSONA
Nombre de persona Hurtado de Mendoza, Diego,
Fechas asociadas al nombre 1503-1575
Fuente del encabezamiento o término
9 (RLIN) 149494
700 1# - ENTRADA AGREGADA--NOMBRE PERSONAL
Nombre de persona Mele, Eugenio.
9 (RLIN) 79902
710 2# - ENTRADA AGREGADA--NOMBRE DE ENTIDAD CORPORATIVA
Nombre de entidad corporativa o nombre de jurisdicción como elemento de entrada Instituto de Valencia de Don Juan (Madrid)
9 (RLIN) 5014
852 ## - LOCALIZACIÓN
Ubicación ES-MaACL
Número de control de estantería F-15910-15
Sublocalización o colección R.20715
Holdings
Estatus retirado Estado de pérdida Estado de daño No para préstamo Biblioteca de origen Biblioteca actual Ubicación en estantería Fecha de adquisición Fuente de adquisición Total de préstamos Signatura topográfica completa Código de barras Visto por última vez Precio de reemplazo Tipo de ítem Koha
        Biblioteca del Ateneo de Madrid Biblioteca del Ateneo de Madrid Sala Pecera Planta 2 17/01/2008     F-15910-15 1077706 23/02/2023 23/02/2023 Libro impreso